Limiting liability in property management contracts (Record no. 109342)

MARC details
000 -LEADER
fixed length control field 01475cad a22002295a 4500
001 - CONTROL NUMBER
control field L146896
008 - FIXED-LENGTH DATA ELEMENTS--GENERAL INFORMATION
fixed length control field 090309s2009 xxk f 000 0 eng d
020 ## - INTERNATIONAL STANDARD BOOK NUMBER
International Standard Book Number 9781842194522
035 ## - SYSTEM CONTROL NUMBER
System control number (Sirsi) u146896
041 0# - LANGUAGE CODE
Language code of text/sound track or separate title eng
050 04 - LIBRARY OF CONGRESS CALL NUMBER
Classification number 333.33 $2 18
110 2# - MAIN ENTRY--CORPORATE NAME
Corporate name or jurisdiction name as entry element Royal Institution of Chartered Surveyors
9 (RLIN) 4900
245 00 - TITLE STATEMENT
Title Limiting liability in property management contracts
Medium [electronic resource]
260 ## - PUBLICATION, DISTRIBUTION, ETC.
Place of publication, distribution, etc. London
Name of publisher, distributor, etc. RICS
Date of publication, distribution, etc. 2009
490 #0 - SERIES STATEMENT
Series statement RICS Information Paper
520 ## - SUMMARY, ETC.
Summary, etc. Briefly explains the principles of liability under English law, how such principles relate to property management contracts and how property professionals should consider addressing liability in standard contracts. Includes sample model clauses and examples. However, cautions that these are not definitive and will need to be tailored to any given situation. This paper is appropriate where you are acting as the landlord's agent in relation to commercial properties based in England and Wales. It does not deal with residential property management, or acting for tenants, or international portfolios of properties.
590 ## - LOCAL NOTE (RLIN)
Local note KA
651 #4 - SUBJECT ADDED ENTRY--GEOGRAPHIC NAME
Geographic name United Kingdom
Chronological subdivision
690 ## - LOCAL SUBJECT ADDED ENTRY--TOPICAL TERM (OCLC, RLIN)
Topical term or geographic name as entry element PROPERTY-COMMERCIAL PROPERTY-COMMERCIAL PROPERTY MANAGEMENT
856 40 - ELECTRONIC LOCATION AND ACCESS
Uniform Resource Identifier <a href="https://www.rics.org/Global/Downloads/Limiting_liability_in_property_management_contracts_1st_edition_PGguidance_2009.pdf">https://www.rics.org/Global/Downloads/Limiting_liability_in_property_management_contracts_1st_edition_PGguidance_2009.pdf</a>
Public note View the information paper free of charge (RICS member only content) at www.rics.org...
942 ## - ADDED ENTRY ELEMENTS (KOHA)
Suppress in OPAC 0
Holdings
Withdrawn status Lost status Source of classification or shelving scheme Damaged status Not for loan Home library Current library Shelving location Date acquired Total Checkouts Full call number Barcode Date last seen Copy number Price effective from Koha item type
    Dewey Decimal Classification     Virtual Virtual Online 09/03/2009   ONLINE PUBLICATION 146896-1001 06/08/2019 1 06/08/2019 Book